000 00575nam a2200193Ia 4500
005 20250923145154.0
008 008 250917s9999 xx 000 0 eng d
037 _aTextual
040 _aDSWL
_beng
_cDSWL
041 _aeng
_2eng
084 _azG, N69.31
_qDSWL
245 4 _aThe collected works of Mahatma Gandhi
_cby Publication Division
260 _aNew Delhi
_b Govt. of India, Publication Division
_c1969
300 _axii,311,xii,358p.
365 _aINR
_b15.00
925 _g15.00
942 _cTEXL
_hzG, N69.31
999 _c1448051
_d1448051